01049nam a22002057a 4500003000800000008004100008037002000049040003500069041000800104080001100112100002900123245017200152260006900324300002100393502017800414650011100592650008900703655002300792700002800815BI-BuBU260504b2025 bd fr|||| 000 0 fre d bDon de l'auteur aBI-BuBUbfrecBI-BuBUdBI-BuBU0 afre a622.111 4aut.aAhishakiye, Elisha10aEtude floristique et de la dynamique spatio-temporelle de la zone aurifère de la commune Butihinda, province MuyingacElisha Ahishakiye ; Tatien Masharabu, directeur aBujumburabUniversité du Burundi, Faculté des sciencesc2025 aXI-69 f.c30 cm. aMémoire présenté en vue d'obtenir le diplôme de master en biologie des organismes et écologie. Spécialité : Gestion des paysages et écosystèmes terrestres. 72BI-BuBUaIndustrie minièrexEtude de la dynamique spatio-temporellezZone aurifère Butihinda (commune) 72BI-BuBUaIndustrie minièrexEtude floristiquezZone aurifère Butihinda (commune) 72BI-BuBUaMémoire 74dir.aMasharabu, Tatien